[Event "Wch U08 blitz"]
[Site "Batumi"]
[Date "2023.06.11"]
[Round "7"]
[White "Anetov, Amirzhan"]
[Black "Nguyen, Nhat Khuong"]
[Result "0-1"]
[WhiteElo "1197"]
[BlackElo "1247"]
[PlyCount "86"]
[EventDate "2023.06.10"]
[EventType "swiss (blitz)"]
[EventRounds "11"]
[EventCountry "GEO"]
[SourceTitle "EXT 2024"]
[Source "ChessBase"]
[SourceDate "2023.10.10"]
[SourceVersion "1"]
[SourceVersionDate "2023.10.10"]
[SourceQuality "1"]
[WhiteTeam "Kazakhstan"]
[BlackTeam "Vietnam"]
[WhiteTeamCountry "KAZ"]
[BlackTeamCountry "VIE"]

1. e4 c5 2. Nf3 d6 3. d4 cxd4 4. Nxd4 Nf6 5. Nc3 g6 6. Be3 Bg7 7. f3 0-0 8. Bc4 Nc6 9. Qd2 Bd7 10. 0-0-0 Rc8 11. Bb3 Ne5 12. Kb1 Nc4 13. Bxc4 Rxc4 14. g4 h5 15. gxh5 Nxh5 16. Rhg1 a6 17. f4 Nxf4 18. b3 Rxc3 19. Qxc3 Ne2 20. Qd2 Nxg1 21. Rxg1 Bc6 22. Nf5 Re8 23. Nxg7 Kxg7 24. Qd4+ e5 25. Qd2 Bxe4 26. Bh6+ Kg8 27. Rg3 Bf5 28. Bg5 f6 29. Be3 d5 30. Qg2 Qd7 31. Bc5 Qf7 32. Ba3 e4 33. Rc3 e3 34. Qe2 d4 35. Rc4 Qd5 36. Bc5 d3 37. Qe1 d2 38. Qe2 d1Q+ 39. Qxd1 Qxd1+ 40. Kb2 e2 41. Bb4 b5 42. Rf4 Qxc2+ 43. Ka3 Qc1# 0-1

[Event "Wch U08 rapid"]
[Site "Batumi"]
[Date "2023.06.08"]
[Round "10"]
[White "Nabiyev, Iman"]
[Black "Anetov, Amirzhan"]
[Result "1/2-1/2"]
[WhiteElo "1271"]
[BlackElo "1246"]
[PlyCount "100"]
[EventDate "2023.06.06"]
[EventType "swiss (rapid)"]
[EventRounds "11"]
[EventCountry "GEO"]
[SourceTitle "EXT 2024"]
[Source "ChessBase"]
[SourceDate "2023.10.10"]
[SourceVersion "1"]
[SourceVersionDate "2023.10.10"]
[SourceQuality "1"]
[WhiteTeam "Kazakhstan"]
[BlackTeam "Kazakhstan"]
[WhiteTeamCountry "KAZ"]
[BlackTeamCountry "KAZ"]

1. e4 e5 2. Nf3 Nc6 3. d4 exd4 4. Bc4 Nf6 5. e5 d5 6. Bb5 Ne4 7. Nxd4 Bc5 8. Be3 0-0 9. Bxc6 bxc6 10. Nd2 Bb6 11. Nxe4 dxe4 12. 0-0 f5 13. exf6 Qxf6 14. Qe2 Bxd4 15. Qc4+ Be6 16. Qxd4 Qxd4 17. Bxd4 Rfd8 18. c3 Rab8 19. b4 a6 20. Rfe1 Bf5 21. h3 Rb5 22. Re3 Rbd5 23. Rae1 a5 24. a3 axb4 25. axb4 Bg6 26. g4 Rg5 27. Kh2 Rf8 28. h4 Rxg4 29. Rh3 Rgf4 30. h5 Bf5 31. Rg3 Rh4+ 32. Kg2 Rf7 33. Ra1 h6 34. Ra6 Bd7 35. Ra5 Rhf4 36. Be3 R4f6 37. Bd4 Rf5 38. Rb5 Rd5 39. Ra5 Rdf5 40. Rxf5 Bxf5 41. Kf1 Be6 42. Ke1 Bd5 43. Kd2 Rd7 44. Ke2 Kh7 45. Ke3 Rf7 46. Rh3 Rf3+ 47. Rxf3 exf3 48. Be5 g6 49. hxg6+ Kxg6 50. Bxc7 Kg5 1/2-1/2

[Event "Wch U08 rapid"]
[Site "Batumi"]
[Date "2023.06.07"]
[Round "7"]
[White "Matevosyan, Hayk"]
[Black "Anetov, Amirzhan"]
[Result "0-1"]
[WhiteElo "1173"]
[BlackElo "1246"]
[PlyCount "96"]
[EventDate "2023.06.06"]
[EventType "swiss (rapid)"]
[EventRounds "11"]
[EventCountry "GEO"]
[SourceTitle "EXT 2024"]
[Source "ChessBase"]
[SourceDate "2023.10.10"]
[SourceVersion "1"]
[SourceVersionDate "2023.10.10"]
[SourceQuality "1"]
[WhiteTeam "Armenia"]
[BlackTeam "Kazakhstan"]
[WhiteTeamCountry "ARM"]
[BlackTeamCountry "KAZ"]

1. e4 e5 2. Nf3 Nc6 3. Nc3 Nf6 4. d4 exd4 5. Nxd4 Bb4 6. Nxc6 bxc6 7. Bd3 d5 8. exd5 cxd5 9. 0-0 0-0 10. Bg5 c6 11. Ne2 Bg4 12. h3 Bh5 13. c3 Bd6 14. Qc2 h6 15. Bh4 Bxe2 16. Qxe2 Re8 17. Qf3 Be7 18. Bxf6 Bxf6 19. Qf5 g6 20. Qg4 Rb8 21. Rab1 Qe7 22. Kh1 Qe5 23. f4 Qe3 24. Rf3 Qd2 25. f5 g5 26. Qh5 Kg7 27. h4 Re1+ 28. Rxe1 Qxe1+ 29. Kh2 Be5+ 30. g3 Rxb2+ 31. Kh3 Qh1+ 32. Kg4 Bf6 33. hxg5 Qxh5+ 34. Kxh5 Bxg5 35. Ba6 f6 36. Kg4 Rxa2 37. Bb7 Ra4+ 38. Kh5 Rc4 39. Ba6 Rc5 40. Rd3 Bc1 41. c4 dxc4 42. Rd7+ Kf8 43. Kg6 Bg5 44. Rf7+ Ke8 45. Rg7 c3 46. Rg8+ Kd7 47. Bc8+ Kd6 48. Rd8+ Kc7 0-1